000 00801nam a22002777a 4500
001 BR2018001803
003 BR-BrBNA
005 20230928105337.0
007 ta
008 230509b bl.||||| |||| 00| 0 por d
040 _aBR-BrBNA
_bpor
_cBiblioteca Nacional de Agricultura
041 _a(Por)
072 _aF03
_b1190
090 _ 1190 BR2018001803
100 1 _aAlves, M.C. da S.
110 1 _aUniversidade Federal de Lavras, MG (Brasil)
_0Tese (Mestrado)
245 1 _aDissecação de sementes de pitanga (Eugenia uniflora L.)
260 3 _aLavras, MG (Brasil):
_c2018.
300 _a74 p.
500 _aSummaries (Eng, Por); Several bibliography; 12 illus.
650 _aPITANGA
650 _aSEMENTE
650 _aSECAGEM
909 _a202309
_bLucia
_c55
_dLucia Elande
942 _cBK
999 _c84743
_d84743